<?xml version="1.0" encoding="UTF-8"?>
<record
    xmlns:xsi="http://www.w3.org/2001/XMLSchema-instance"
    xsi:schemaLocation="http://www.loc.gov/MARC21/slim http://www.loc.gov/standards/marcxml/schema/MARC21slim.xsd"
    xmlns="http://www.loc.gov/MARC21/slim">

  <leader>00957nam a2200145 a 4500</leader>
  <controlfield tag="001">14365</controlfield>
  <controlfield tag="003">CO-ViMGA</controlfield>
  <controlfield tag="008">141112s2004    ck      r     000 u spa d</controlfield>
  <datafield tag="020" ind1=" " ind2=" ">
    <subfield code="a">01208160</subfield>
  </datafield>
  <datafield tag="040" ind1=" " ind2=" ">
    <subfield code="a">CO-ViMGA</subfield>
    <subfield code="b">spa</subfield>
    <subfield code="c">CO-ViMGA</subfield>
  </datafield>
  <datafield tag="245" ind1="1" ind2="0">
    <subfield code="a">REVISTA ESCUELA DE ADMINISTRACION DE NEGOCIOS - EAN - No.39 - 40 ENERO - AGOSTO 2000</subfield>
  </datafield>
  <datafield tag="260" ind1=" " ind2=" ">
    <subfield code="a">Bt&#xE1;, </subfield>
    <subfield code="c">EAN, </subfield>
    <subfield code="c">2000</subfield>
  </datafield>
  <datafield tag="505" ind1=" " ind2=" ">
    <subfield code="a">EAN - Un proyecto educativo en marcha Acci&#xF3;n con relaci&#xF3;n cuantitativo y cualitativo La profesionalizaci&#xF3;n Universitaria en la sociedad del conocimiento C&#xF3;digo de conducta &#xE9;tica - - Asistente profesional en metodolog&#xED;a para la moderna Ingenieria de Software Producci&#xF3;n limpia, Gestion ambiental y desarrollo sostenible Crecimiento econ&#xF3;mico y sector externo en Colombia Valoraci&#xF3;n de empresas Internacionalizaci&#xF3;n de empresa y ventaja competitiva Evaluaci&#xF3;n de la investigaci&#xF3;n historica en Colombia Notarios p&#xFA;blicos en Inglaterra en los siglos XIV - XV</subfield>
  </datafield>
  <datafield tag="942" ind1=" " ind2=" ">
    <subfield code="2">ddc</subfield>
    <subfield code="c">BK</subfield>
  </datafield>
  <datafield tag="999" ind1=" " ind2=" ">
    <subfield code="c">25044</subfield>
    <subfield code="d">25044</subfield>
  </datafield>
  <datafield tag="952" ind1=" " ind2=" ">
    <subfield code="0">1</subfield>
    <subfield code="1">0</subfield>
    <subfield code="2">ddc</subfield>
    <subfield code="4">4</subfield>
    <subfield code="7">0</subfield>
    <subfield code="8">008</subfield>
    <subfield code="a">MEVIECAR</subfield>
    <subfield code="b">MEVIECAR</subfield>
    <subfield code="d">2015-12-04</subfield>
    <subfield code="h">Volumen. 1 | 11/jun/2009</subfield>
    <subfield code="l">0</subfield>
    <subfield code="p">14365</subfield>
    <subfield code="r">2015-12-04 00:00:00</subfield>
    <subfield code="t">Ej. 1</subfield>
    <subfield code="w">2015-12-04</subfield>
    <subfield code="y">BK</subfield>
  </datafield>
</record>
